Pattern Sleuth Quiz Stats

Quiz Updated Oct 8, 2012

Challenge
Share
Tweet
FORMAT: Each question is worth two points-- one for the answer, and one for NOT using the hint. To get 100%, you cannot use any hints. TO REQUEST A HINT, type "Hint" or "H" plus the question number for which you need the hint. If you do not request a hint, you have two guesses to get the correct answer.
Score 0/18 Timer 14:00
0 Plays Today
✔ Correct Words ✔ × Wrong Words × ? Which Word Works ? % Correct
✔ house ✔ hovercraft ✔ horse ✔ helmet ✔ hippo ✔ hand ✔
× John × trick × meat × Swahili × foodstuff × car ×
? garage ? bill ? hill ? zoo ?
???
94.8%
Hint 1???
93.6%
✔ puddle ✔ eel ✔ ball ✔ flipper ✔ aardvark ✔ vacuum ✔
× high × you × xylophone × koala × skyscraper × joke ×
? blonde ? light ? blanket ? dagger ?
???
90.9%
Hint 3???
88.8%
✔ igloo ✔ anthill ✔ elevator ✔ ear ✔ umbrella ✔ apple ✔
× trumpet × snapple × dock × lake × nation × bear ×
? trout ? burger ? dinosaur ? Elvis ?
???
84.5%
Hint 2???
79.9%
✔ maid ✔ jaguar ✔ eagle ✔ weight ✔ Siberian ✔ weed ✔
× made × jagger × white × truth × wedding × rhythm ×
? height ? guzzle ? wish ? jump ?
???
76.2%
✔ frogs ✔ xenon ✔ stuff ✔ quilt ✔ Venus ✔ chair ✔
× frog × quilts × go × Lithuania × jaguar × stuffy ×
? diaper ? fires ? cat ? pneumonia ?
???
72.1%
Hint 4???
69%
✔ Correct Words ✔ × Wrong Words × ? Which Word Works ? % Correct
Hint 5???
67.5%
✔ Eskimo ✔ committee ✔ Kyrgyzstan ✔ Iowa ✔ anova ✔ violin ✔
× job × nova × violinist × commit × Yeti × actuary ×
? skyscraper ? island ? France ? argon ?
???
60.9%
✔ stressed ✔ warts ✔ trams ✔ spool ✔ straw ✔
× hue × rams × wart × phone × enough × wait ×
? poppy ? gateway ? giant ? devil ?
???
60%
✔ giggling ✔ deeper ✔ sashes ✔ Canada ✔ eels ✔ babble ✔
× puddle × damper × eel × step × giggled × van ×
? Sweden ? tatter ? silly ? lithium ?
???
56.7%
Hint 8???
48.5%
✔ crabcake ✔ stud ✔ Tuvalu ✔ definite ✔ canopy ✔ hijack ✔
× dust × cake × jack × crab × obtuse × canonry ×
? burst ? plywood ? mangle ? buzzer ?
???
46.4%
Hint 7???
45.9%
Hint 6???
45%
Hint 9???
28%

You're not logged in!

Compare scores with friends on all Sporcle quizzes.
Join for Free
OR
Log In

You Might Also Like...

Show Comments

Extras

Top Quizzes Today


Score Distribution

Your Account Isn't Verified!

In order to create a playlist on Sporcle, you need to verify the email address you used during registration. Go to your Sporcle Settings to finish the process.

Report this User

Report this user for behavior that violates our Community Guidelines.

Details: